Great Masters Profiles In Hindustan Classical Vocal Music (Record no. 302690)

MARC details
000 -LEADER
fixed length control field 00472nam a2200169Ia 4500
008 - FIXED-LENGTH DATA ELEMENTS--GENERAL INFORMATION
fixed length control field 230718s9999 xx 000 0 und d
041 ## - LANGUAGE CODE
Language code of text/sound track or separate title eng
082 ## - DEWEY DECIMAL CLASSIFICATION NUMBER
Classification number 780
Item number NAD
100 ## - MAIN ENTRY--PERSONAL NAME
Personal name Nadkarni M.
9 (RLIN) 107860
245 ## - TITLE STATEMENT
Title Great Masters Profiles In Hindustan Classical Vocal Music
260 ## - PUBLICATION, DISTRIBUTION, ETC. (IMPRINT)
Date of publication, distribution, etc. 1999
Name of publisher, distributor, etc. Harper And Rao
300 ## - PHYSICAL DESCRIPTION
Extent 482
Accompanying material [OBSOLETE, CAN/MARC] Ref 127 G (13897)
365 ## - TRADE PRICE
Currency code Rs.
Price amount 500.00
500 ## - GENERAL NOTE
Keywords 127 GEN
700 ## - ADDED ENTRY--PERSONAL NAME
Personal name Nadkarni M.
9 (RLIN) 107860
906 ## - LOCAL DATA ELEMENT F, LDF (RLIN)
d B:242910-Nov-2001
c OTH
b 75
Holdings
Withdrawn status Lost status Source of classification or shelving scheme Reference No Damaged status Not for loan Home library Current library Date acquired Vendor Budget Code Cost, normal purchase price Bill number Full call number Barcode Date last seen Discount Cost, replacement price Bill Date Koha item type Original Barcode
    Dewey Decimal Classification Ref 127 G (13897)   Reference Cummins College of Engineering for Women Pune Cummins College of Engineering for Women Pune 12/12/2001 Technical Book Services OTH 425.00 2429 780 CCEP-BK-13897 18/07/2023 75 500.00 10/11/2001 Books 013897